[Event "Lansing (Apr)"]
[Site "?"]
[Date "1990.??.??"]
[Round "?"]
[White "Hahn, David"]
[Black "Bohley, D."]
[Result "1-0"]
[WhiteElo "2205"]
[BlackElo "2000"]
[PlyCount "49"]
[EventDate "1990.??.??"]

1. c4 e5 2. Nc3 d6 3. Nf3 f5 4. d4 e4 5. Bg5 Qd7 6. Ng1 h6 7. Bd2 Nf6 8. e3 Be7
9. Nge2 O-O 10. Nf4 Qe8 11. h4 c6 12. h5 Na6 13. Be2 Nc7 14. Qc2 Ne6 15. Ng6
Rf7 16. O-O-O Nf8 17. f3 d5 18. Ne5 Be6 19. fxe4 fxe4 20. Kb1 N8h7 21. cxd5
cxd5 22. Nxf7 Bxf7 23. Qb3 Qd7 24. Rc1 a6 25. Na4 1-0

[Event "Detroit (MI Op/1b/3)"]
[Site "?"]
[Date "1990.??.??"]
[Round "?"]
[White "Hahn, David"]
[Black "Ball, Ed"]
[Result "1-0"]
[WhiteElo "2265"]
[BlackElo "1885"]
[PlyCount "41"]
[EventDate "1990.??.??"]

1. c4 Nf6 2. Nc3 e6 3. e4 d5 4. cxd5 exd5 5. e5 Ne4 6. d4 Bb4 7. Qa4+ Nc6 8.
Bb5 Bd7 9. Bxc6 Bxc3+ 10. bxc3 Bxc6 11. Qc2 O-O 12. Ne2 Ng5 13. O-O Ne6 14. Ba3
Re8 15. f4 Qd7 16. f5 Nf8 17. Qd2 Bb5 18. Bxf8 Rxf8 19. f6 Qg4 20. Rf3 Rae8 21.
fxg7 1-0

[Event "Detroit (MI Op/4/19)"]
[Site "?"]
[Date "1990.??.??"]
[Round "?"]
[White "Haakonstad, Olaf"]
[Black "Ward, Tom"]
[Result "0-1"]
[WhiteElo "1850"]
[BlackElo "2100"]
[PlyCount "74"]
[EventDate "1990.??.??"]

{4/(19)} 1. e4 c5 2. Nc3 d6 3. g3 g6 4. Bg2 Bg7 5. d3 Nc6 6. Be3 e6 7. f4 Nge7
8. Nf3 b6 9. O-O Bb7 10. Qd2 Qd7 11. Rab1 f5 12. a3 O-O 13. Nh4 Nd4 14. Ne2 a5
15. c3 Nb3 16. Qc2 a4 17. Nc1 Na5 18. b4 axb3 19. Nxb3 fxe4 20. Nxa5 exd3 21.
Qxd3 Bxg2 22. Kxg2 Rxa5 23. Rxb6 Nd5 24. f5 Nxb6 25. fxg6 hxg6 26. Rxf8+ Kxf8
27. Nxg6+ Kg8 28. c4 d5 29. Qb3 Nxc4 30. Qb8+ Kh7 31. Nf8+ Bxf8 32. Qxf8 Nxe3+
33. Kf2 d4 34. Qf3 c4 35. g4 Kg7 36. Kg3 Rxa3 37. Kh4 Nf5+ 0-1

[Event "Lansing (MI Am/1/25)"]
[Site "?"]
[Date "1990.??.??"]
[Round "?"]
[White "Haakonstad, Olaf"]
[Black "Troupe, D."]
[Result "0-1"]
[WhiteElo "1850"]
[BlackElo "1605"]
[PlyCount "100"]
[EventDate "1990.??.??"]

{1/(25)} 1. e4 e5 2. Nf3 Nc6 3. Bb5 Nf6 4. O-O a6 5. Bxc6 dxc6 6. Nxe5 Bd6 7.
Nc4 Bxh2+ 8. Kxh2 Ng4+ 9. Kg3 h5 10. f4 h4+ 11. Kf3 Nh2+ 12. Kf2 Bg4 13. Qe1
Nxf1 14. Qxf1 Qd4+ 15. Ne3 O-O-O 16. c3 Qxe4 17. Nxg4 Qxf4+ 18. Kg1 Qxg4 19. d4
g5 20. Nd2 h3 21. Nf3 f6 22. Bd2 Rh5 23. Re1 Rdh8 24. Re7 Qg3 25. Qe2 Qxg2+ 26.
Qxg2 hxg2 27. Kxg2 g4 28. Bf4 gxf3+ 29. Kxf3 R8h7 30. Re8+ Kd7 31. Rb8 Rb5 32.
b3 Rh3+ 33. Bg3 Rg5 34. Rxb7 Rhxg3+ 35. Kf4 Rxc3 36. Ra7 Rd5 37. Rxa6 Rxd4+ 38.
Kf5 Rf3+ 39. Kg6 Rb4 40. Ra8 f5 41. Kg5 f4 42. Kg4 Rf1 43. Ra5 Rb5 44. Ra4 Rf2
45. b4 c5 46. bxc5 Rxc5 47. a3 Rc3 48. Rd4+ Ke6 49. a4 Rg3+ 50. Kh4 Rh2# 0-1

[Event "Detroit (MCO/3/11)"]
[Site "?"]
[Date "1990.??.??"]
[Round "?"]
[White "Haakonstad, Olaf"]
[Black "Steverson, Bunnard"]
[Result "0-1"]
[WhiteElo "1920"]
[BlackElo "1755"]
[PlyCount "112"]
[EventDate "1990.??.??"]

{3/(11)} 1. e4 c5 2. Nc3 d6 3. g3 Nf6 4. Bg2 Nc6 5. d3 a6 6. f4 Qc7 7. Nf3 e6
8. Be3 Be7 9. h3 b5 10. a3 Bb7 11. O-O O-O 12. Ne2 Rac8 13. g4 d5 14. e5 Nd7
15. c3 b4 16. axb4 cxb4 17. Rc1 bxc3 18. bxc3 f6 19. d4 Na5 20. f5 exf5 21. e6
Nb6 22. gxf5 Bd6 23. Qe1 Nac4 24. Bf2 a5 25. Bg3 Ne3 26. Bxd6 Qxd6 27. Rf2 Nxf5
28. Rb1 Ba6 29. Nf4 Nc4 30. Nxd5 Rfe8 31. Nxf6+ gxf6 32. d5 Nce3 33. Nd4 Nxd4
34. Qxe3 Nb5 35. Rxf6 Qc5 36. Qxc5 Rxc5 37. Ra1 Nd6 38. e7 Rxe7 39. Rxd6 Bc4
40. Rd8+ Kf7 41. d6 Ra7 42. Re1 Be6 43. Rf1+ Rf5 44. Rd1 a4 45. Bc6 a3 46. Be8+
Kf6 47. Ra1 a2 48. Bc6 Rg7+ 49. Bg2 Rb5 50. Rf8+ Ke5 51. Re1+ Kxd6 52. Rf6 Re5
53. Rd1+ Ke7 54. Rf2 Rb5 55. Kh2 Rb1 56. Be4 Rxd1 0-1

[Event "Flint (Class A/5)"]
[Site "?"]
[Date "1990.??.??"]
[Round "?"]
[White "Haakonstad, Olaf"]
[Black "Smith, Daryn"]
[Result "0-1"]
[WhiteElo "1850"]
[BlackElo "1830"]
[PlyCount "132"]
[EventDate "1990.??.??"]

1. e4 c5 2. Nc3 e6 3. g3 Be7 4. Bg2 d6 5. d3 Bd7 6. Nge2 Bc6 7. f4 Nd7 8. O-O
Qc7 9. Be3 Ngf6 10. f5 e5 11. Bg5 h6 12. Bd2 b5 13. a4 b4 14. Nd5 Nxd5 15. exd5
Bb7 16. c3 a5 17. b3 Nf6 18. c4 Bc8 19. h3 h5 20. Bg5 Nh7 21. Be3 Bd7 22. Kh2
O-O-O 23. Ng1 Nf6 24. Nf3 Bxf5 25. Nxe5 dxe5 26. Rxf5 Rdf8 27. Kg1 g6 28. Rf2
Nd7 29. Qd2 Qd6 30. Bh6 f6 31. Bxf8 Rxf8 32. Qh6 f5 33. Raf1 Qf6 34. Qe3 Qg5
35. Qf3 Bd6 36. h4 Qg4 37. Qe3 f4 38. gxf4 exf4 39. Qe6 Rf6 40. Qxg4 hxg4 41.
Be4 Be5 42. Rg2 g3 43. Re2 Bd4+ 44. Kg2 Ne5 45. Bf3 Kc7 46. Rxe5 Bxe5 47. Re1
Kd6 48. Rh1 Rf8 49. h5 gxh5 50. Rxh5 Rh8 51. Kh3 Rxh5+ 52. Bxh5 Bf6 53. Kg2 Ke5
54. Bf3 Kd4 55. d6 Kxd3 56. d7 Kc2 57. Be4+ Kxb3 58. Kf3 g2 59. Kxg2 Kxc4 60.
Kf3 Kb3 61. Bc6 c4 62. Kxf4 c3 63. Bd5+ Kxa4 64. Ke3 b3 65. Kd3 Kb4 66. Be6 a4
0-1

[Event "Detroit (MI Op/6/25)"]
[Site "?"]
[Date "1990.??.??"]
[Round "?"]
[White "Haakonstad, Olaf"]
[Black "Santiago, Reynaldo"]
[Result "1/2-1/2"]
[WhiteElo "1850"]
[BlackElo "2000"]
[PlyCount "102"]
[EventDate "1990.??.??"]

{6/(25)} 1. e4 c5 2. Nc3 Nc6 3. g3 g6 4. Bg2 Bg7 5. d3 d6 6. Be3 e5 7. f4 Nge7
8. Nf3 O-O 9. O-O Nd4 10. fxe5 dxe5 11. Qd2 Nec6 12. Nd5 Nxf3+ 13. Rxf3 Nd4 14.
Rf2 Qd6 15. Bh6 f5 16. Raf1 Be6 17. Bxg7 Kxg7 18. c3 Nc6 19. a3 a5 20. Qe3 a4
21. Nb6 Ra6 22. Nc4 Qe7 23. exf5 Rxf5 24. Bxc6 Rxf2 25. Rxf2 Bxc4 26. Bxb7 Rb6
27. Bg2 Bg8 28. d4 cxd4 29. cxd4 Re6 30. Bh3 exd4 31. Qxd4+ Rf6 32. Qxf6+ Qxf6
33. Rxf6 Kxf6 34. Kf2 Ke5 35. Ke3 Bb3 36. Bc8 Bc4 37. Bd7 Bb3 38. Bc6 Kd6 39.
Be4 Ke5 40. Bf3 h6 41. Be4 g5 42. Bh7 Bd1 43. Bg8 h5 44. h4 gxh4 45. gxh4 Kf5
46. Kd4 Kg4 47. Be6+ Kxh4 48. Ke4 Bg4 49. Bd5 Kh3 50. Bc6 Bd1 51. Bd7+ Kh4
1/2-1/2

[Event "Lansing (MI Am/5/21)"]
[Site "?"]
[Date "1990.??.??"]
[Round "?"]
[White "Haakonstad, Olaf"]
[Black "Sahul, Z."]
[Result "0-1"]
[WhiteElo "1880"]
[BlackElo "1605"]
[PlyCount "30"]
[EventDate "1990.??.??"]

{5/(21)} 1. e4 e5 2. Nf3 Nc6 3. Bb5 Nf6 4. Bxc6 bxc6 5. O-O d5 6. exd5 cxd5 7.
d3 Bd6 8. Re1 Bg4 9. h3 Bxf3 10. Qxf3 O-O 11. Bg5 Re8 12. Bxf6 Qxf6 13. Qxd5 e4
14. Rxe4 Qxb2 15. Qc6 Qc1+ 0-1

[Event "Lansing (MI Am/3/42)"]
[Site "?"]
[Date "1990.??.??"]
[Round "?"]
[White "Haakonstad, Olaf"]
[Black "Overby, Glenn"]
[Result "1-0"]
[WhiteElo "1850"]
[BlackElo "1605"]
[PlyCount "24"]
[EventDate "1990.??.??"]

{3/(42)} 1. e4 e6 2. d4 a6 3. Bd3 b5 4. Bd2 c5 5. Nf3 Bb7 6. c3 Nf6 7. Bg5 h6
8. Bxf6 Qxf6 9. Nbd2 Bd6 10. e5 Bxe5 11. dxe5 Qe7 12. Ne4 Nc6 1-0

[Event "Detroit (RVO/4)"]
[Site "?"]
[Date "1990.??.??"]
[Round "?"]
[White "Haakonstad, Olaf"]
[Black "Endres, John"]
[Result "1-0"]
[WhiteElo "1970"]
[BlackElo "1605"]
[PlyCount "29"]
[EventDate "1990.??.??"]

1. e4 e5 2. Nf3 Nc6 3. Bb5 a6 4. Bxc6 dxc6 5. Nc3 Nf6 6. O-O Be7 7. Nxe5 Nxe4
8. Nxe4 Qd4 9. Nxf7 O-O 10. Nfg5 h6 11. c3 Qd5 12. Qb3 Rf5 13. Nf3 Qxb3 14.
axb3 Rf4 15. d3 1-0

[Event "Detroit (MCO/1/18)"]
[Site "?"]
[Date "1990.??.??"]
[Round "?"]
[White "Haakonstad, Olaf"]
[Black "Clanton, Waleed"]
[Result "0-1"]
[WhiteElo "1920"]
[BlackElo "1605"]
[PlyCount "123"]
[EventDate "1990.??.??"]

{1/(18)} 1. e4 e5 2. Nf3 Nc6 3. Bb5 Nge7 4. O-O d6 5. c3 Bg4 6. d4 Bxf3 7. Qxf3
exd4 8. cxd4 a6 9. Bc4 f6 10. Be3 Qd7 11. Nc3 O-O-O 12. a3 Na5 13. Bf7 Nec6 14.
Bd5 Ne7 15. Ba2 Nac6 16. Rac1 f5 17. Rfd1 fxe4 18. Qxe4 Qe8 19. Be6+ Kb8 20. d5
Ne5 21. f4 Nd7 22. Qd4 Nb6 23. b3 Qh5 24. g4 Qg6 25. Na4 c5 26. Nxc5 Nexd5 27.
f5 dxc5 28. Bf4+ Ka7 29. fxg6 cxd4 30. Rxd4 Nxf4 31. Rxf4 hxg6 32. Kg2 Bd6 33.
Rf7 Rxh2+ 34. Kg1 Rdh8 35. Rc6 Bxa3 36. Rcc7 Rh1+ 37. Kg2 R8h2+ 38. Kf3 Rf1+
39. Ke4 Rxf7 40. Bxf7 Bd6 41. Rc3 Rg2 42. Bxg6 Rxg4+ 43. Kf5 Rf4+ 44. Kg5 Rf2
45. Rd3 Rg2+ 46. Kf5 Be7 47. Bh7 Rg5+ 48. Ke6 Bf6 49. Kf7 Re5 50. Kg6 Re7 51.
Bg8 Nd7 52. Rd5 Ne5+ 53. Kf5 Nd7 54. Rd3 Re5+ 55. Kf4 Nf8 56. Rd6 Ng6+ 57. Kf3
Ne7 58. Bh7 Nc6 59. Be4 Na5 60. Rd7 Rb5 61. Bd5 Nxb3 62. Ke4 0-1

[Event "Detroit (RVO/2)"]
[Site "?"]
[Date "1990.??.??"]
[Round "?"]
[White "Haakonstad, Olaf"]
[Black "Chehayeb, Sal"]
[Result "1/2-1/2"]
[WhiteElo "1970"]
[BlackElo "2155"]
[PlyCount "181"]
[EventDate "1990.??.??"]

1. e4 c5 2. Nc3 d6 3. g3 Nc6 4. Bg2 g6 5. d3 Bg7 6. Be3 e5 7. f4 Nd4 8. Nf3 Bg4
9. O-O Ne7 10. h3 Bxf3 11. Bxf3 Nxf3+ 12. Qxf3 Qd7 13. g4 Nc6 14. Ne2 O-O-O 15.
c3 h5 16. g5 f6 17. f5 Rdf8 18. fxg6 fxg5 19. Qg3 g4 20. Rxf8+ Bxf8 21. Rf1 Qe6
22. hxg4 hxg4 23. Rf5 Qxg6 24. Rg5 Qh6 25. Qxg4+ Kb8 26. Qg2 Nd8 27. Rg3 Qe6
28. b3 a6 29. Rg6 Qf7 30. Qg5 Bh6 31. Rxh6 Rg8 32. Rxd6 Ne6 33. Qxg8+ Qxg8+ 34.
Kh2 Qg4 35. Ng3 Nf4 36. Rd8+ Kc7 37. Rh8 Nxd3 38. Rh7+ Kc6 39. Rh6+ Kd7 40.
Rh7+ Ke6 41. Rxb7 Qh4+ 42. Kg2 Nf4+ 43. Kf3 Nh3 44. Rb6+ Kd7 45. Rxa6 Ng5+ 46.
Bxg5 Qxg5 47. Ra7+ Kc6 48. c4 Qf4+ 49. Kg2 Kb6 50. Ra4 Qe3 51. Ra8 Kb7 52. Ra4
Kc7 53. Ra6 Kd7 54. Ra4 Ke6 55. Ra6+ Kf7 56. Kh3 Qf3 57. Rb6 Ke7 58. a4 Kd7 59.
a5 Kc7 60. Rb5 Kc6 61. a6 Qc3 62. Kg4 Qa1 63. Kf5 Qxa6 64. Kxe5 Qa1+ 65. Kf5
Qb1 66. Ne2 Qd1 67. Nf4 Qd7+ 68. Kf6 Qg4 69. Ne6 Qxe4 70. Rxc5+ Kb6 71. b4 Qe1
72. Rb5+ Kc6 73. Nd4+ Kc7 74. Rc5+ Kd7 75. Rd5+ Kc8 76. b5 Qf1+ 77. Nf5 Kc7 78.
Rc5+ Kd7 79. b6 Qe2 80. Rc7+ Kd8 81. c5 Qb2+ 82. Ke6 Qb3+ 83. Ke5 Qc3+ 84. Nd4
Qg3+ 85. Kd5 Qg2+ 86. Kc4 Qa2+ 87. Kb5 Qb2+ 88. Kc4 Qa2+ 89. Kd3 Qb1+ 90. Kc3
Qa1+ 91. Kc4 1/2-1/2

[Event "Flint (Class A/2)"]
[Site "?"]
[Date "1990.??.??"]
[Round "?"]
[White "Haakonstad, Olaf"]
[Black "Burg, Dan"]
[Result "0-1"]
[WhiteElo "1850"]
[BlackElo "1840"]
[PlyCount "34"]
[EventDate "1990.??.??"]

1. e4 e5 2. Nf3 Nc6 3. Bb5 a6 4. Bxc6 dxc6 5. Nc3 Nf6 6. Nxe5 Qd4 7. Nf3 Qb6 8.
O-O Bg4 9. d3 O-O-O 10. Na4 Qa5 11. Nc3 Qb6 12. Rb1 Bb4 13. Be3 Qa5 14. h3 h5
15. hxg4 hxg4 16. e5 gxf3 17. exf6 Qh5 0-1

[Event "Detroit (MI Op/2/15)"]
[Site "?"]
[Date "1990.??.??"]
[Round "?"]
[White "Haakonstad, Olaf"]
[Black "Beider, Andrew"]
[Result "0-1"]
[WhiteElo "1850"]
[BlackElo "2150"]
[PlyCount "76"]
[EventDate "1990.??.??"]

{2/(15)} 1. e4 c5 2. Nc3 Nc6 3. g3 g6 4. Bg2 Bg7 5. d3 d6 6. Be3 e5 7. Nge2
Nge7 8. O-O O-O 9. Qd2 Nd4 10. Nd1 Bh3 11. f4 Bxg2 12. Kxg2 f5 13. c3 Ne6 14.
fxe5 dxe5 15. Qc2 Kh8 16. c4 Qd6 17. Ndc3 f4 18. gxf4 exf4 19. Bg1 Nc6 20. Nd5
g5 21. Kh1 Rf7 22. Ng3 Ncd4 23. Qd2 Raf8 24. Ne2 b6 25. Rab1 a5 26. Nec3 g4 27.
Qg2 f3 28. Qf2 Be5 29. Ne3 g3 30. hxg3 Bxg3 31. Bh2 Bxh2 32. Qxh2 Nf4 33. Ncd5
Qd8 34. Nxf4 Rxf4 35. Nf5 R8xf5 36. exf5 Rh4 37. Rbe1 Rxh2+ 38. Kxh2 Qh4+ 0-1

[Event "Lansing (Mini-Swiss.6/2)"]
[Site "?"]
[Date "1990.??.??"]
[Round "?"]
[White "Haack, J."]
[Black "Wolak, K."]
[Result "0-1"]
[WhiteElo "1605"]
[BlackElo "1605"]
[PlyCount "48"]
[EventDate "1990.??.??"]

{6/(2)} 1. e4 Nf6 2. Nf3 Nxe4 3. Nc3 d5 4. Nxe4 dxe4 5. Ng5 Bf5 6. d3 exd3 7.
Bxd3 Bxd3 8. cxd3 f6 9. Ne6 Qd7 10. Qe2 Kf7 11. Nc5 Qc6 12. Ne4 e6 13. O-O Na6
14. Qf3 Qd5 15. Re1 Qf5 16. Qe3 Nb4 17. Re2 Rd8 18. Rd2 b6 19. b3 Nd5 20. Ng3
Nxe3 21. Nxf5 Nxf5 22. Bb2 Bb4 23. Rdd1 Nd4 24. Rac1 Ne2+ 0-1

[Event "Lansing (Mini-Swiss.6/3)"]
[Site "?"]
[Date "1990.??.??"]
[Round "?"]
[White "Haack, J."]
[Black "Russell, T."]
[Result "0-1"]
[WhiteElo "1605"]
[BlackElo "1610"]
[PlyCount "86"]
[EventDate "1990.??.??"]

{6/(3)} 1. e4 e5 2. Nf3 Nc6 3. Bb5 a6 4. Bxc6 dxc6 5. d4 exd4 6. Qxd4 Qxd4 7.
Nxd4 Bb4+ 8. Bd2 Bxd2+ 9. Nxd2 c5 10. N4b3 b6 11. O-O Be6 12. Rad1 O-O-O 13. c4
Nf6 14. f3 Nd7 15. a4 Ne5 16. a5 Nxc4 17. Nxc4 Bxc4 18. Rxd8+ Rxd8 19. Rc1 Bxb3
20. axb6 Rd1+ 21. Rxd1 Bxd1 22. bxc7 Kxc7 23. Kf2 Kb6 24. Ke3 Ka5 25. Kd3 Kb4
26. Kd2 Ba4 27. h4 Kb3 28. Kc1 c4 29. g4 c3 30. bxc3 Kxc3 31. g5 Kd4 32. h5 Ke3
33. g6 hxg6 34. hxg6 f6 35. f4 Kxe4 36. Kd2 Kxf4 37. Ke2 Bb5+ 38. Kf2 a5 39.
Kg1 a4 40. Kh2 a3 41. Kh3 a2 42. Kh4 a1=Q 43. Kh5 Qh1# 0-1

[Event "Lansing (Apr)"]
[Site "?"]
[Date "1990.??.??"]
[Round "?"]
[White "Haack, J."]
[Black "Ama, T."]
[Result "1-0"]
[WhiteElo "1605"]
[BlackElo "1605"]
[PlyCount "75"]
[EventDate "1990.??.??"]

1. e4 e5 2. Nc3 Bc5 3. Nf3 Nc6 4. Bc4 Nd4 5. d3 c6 6. Nxe5 d5 7. exd5 b5 8.
Nxc6 Nxc6 9. Bxb5 Qf6 10. Bxc6+ Bd7 11. Bxd7+ Kxd7 12. O-O h5 13. Be3 Bb4 14.
Bd2 a5 15. Na4 Be7 16. Bc3 Qg6 17. Qf3 Rd8 18. Bxa5 Rb8 19. Bc3 Nf6 20. Bxf6
gxf6 21. Rab1 f5 22. Rfe1 Rhg8 23. Qg3 Qh7 24. Qe3 Bd6 25. Qa7+ Kd8 26. Nc5
Bxc5 27. Qxc5 Qg6 28. Qe7+ Kc8 29. g3 f4 30. d6 Rb7 31. Qe4 Qg5 32. Qc6+ Kb8
33. Re8+ Rxe8 34. Qxe8+ Ka7 35. d7 Rb8 36. Qxf7 Rd8 37. Qxf4 Qe7 38. Qe3+ 1-0

[Event "Lansing (MI Am/5/15)"]
[Site "?"]
[Date "1990.??.??"]
[Round "?"]
[White "Guzman, J."]
[Black "Zacks, Naum"]
[Result "1/2-1/2"]
[WhiteElo "1765"]
[BlackElo "1915"]
[PlyCount "128"]
[EventDate "1990.??.??"]

{5/(15)} 1. d4 Nf6 2. Nf3 g6 3. Bg5 Bg7 4. Nbd2 O-O 5. e3 d6 6. Bd3 c6 7. c3
Qb6 8. Qb1 c5 9. h4 Bg4 10. Bxf6 exf6 11. Nh2 Be6 12. dxc5 dxc5 13. g4 Nc6 14.
Ndf3 Rfd8 15. h5 Rxd3 16. Qxd3 Qxb2 17. O-O f5 18. Rab1 Qa3 19. hxg6 hxg6 20.
Rxb7 fxg4 21. Ng5 Ne5 22. Qd2 Nf3+ 23. Nhxf3 gxf3 24. Nxe6 Qa4 25. Nf4 g5 26.
Qd7 Qxd7 27. Rxd7 gxf4 28. c4 Re8 29. Rd3 Re4 30. Rc1 Bf6 31. Rc2 Bg5 32. exf4
Re1+ 33. Kh2 Bxf4+ 34. Kh3 Re2 35. Rcc3 Rxf2 36. Rxf3 Rh2+ 37. Kg4 Be5 38. Ra3
Rc2 39. Kf5 f6 40. Ra4 a6 41. Rxa6 Rxc4 42. a4 Rb4 43. Ra8+ Kg7 44. a5 Ra4 45.
a6 c4 46. Ke4 c3+ 47. Kd3 Ra3 48. Rf1 Kf7 49. Rc1 Ra2 50. Rc2 Ra3 51. Kc4 Ke7
52. Kd5 Kd7 53. Ra7+ Bc7 54. Rf2 f5 55. Rg2 Ra5+ 56. Kc4 Kc6 57. Rg6+ Bd6 58.
Kxc3 Kd5 59. Rf7 Rxa6 60. Rxf5+ Ke4 61. Rxd6 Rxd6 62. Rc5 Rd3+ 63. Kc2 Ra3 64.
Rc4+ Kd5 1/2-1/2

[Event "Lansing (MI Am/3/14)"]
[Site "?"]
[Date "1990.??.??"]
[Round "?"]
[White "Guzman, J."]
[Black "Manion, Tom"]
[Result "0-1"]
[WhiteElo "1765"]
[BlackElo "1935"]
[PlyCount "72"]
[EventDate "1990.??.??"]

{3/(14)} 1. d4 Nf6 2. Nf3 b6 3. Bg5 Ne4 4. Bh4 g6 5. Nbd2 Bb7 6. Nxe4 Bxe4 7.
Nd2 Bb7 8. e4 Bg7 9. c3 c5 10. d5 O-O 11. Bc4 d6 12. O-O a6 13. a4 Nd7 14. f4
Kh8 15. Qe2 Nf6 16. Nf3 Nh5 17. Nd2 Qe8 18. e5 dxe5 19. fxe5 f5 20. Rae1 h6 21.
g4 fxg4 22. Rxf8+ Bxf8 23. Qxg4 g5 24. d6 Bc8 25. Qe4 Ra7 26. Bd3 exd6 27. exd6
Qxe4 28. Rxe4 gxh4 29. Re8 Rg7+ 30. Kf2 Rf7+ 31. Ke3 Bd7 32. Bg6 Bxe8 33. Bxh5
Rf5 34. Bxe8 Re5+ 35. Kd3 Rxe8 36. Kc4 Bxd6 0-1

[Event "Lansing (MI Am/2/3)"]
[Site "?"]
[Date "1990.??.??"]
[Round "?"]
[White "Guzman, J."]
[Black "Brattin, Vincent"]
[Result "1/2-1/2"]
[WhiteElo "1755"]
[BlackElo "1975"]
[PlyCount "157"]
[EventDate "1990.??.??"]

{2/(3)} 1. d4 d5 2. Nf3 Nf6 3. Bg5 h6 4. Bxf6 exf6 5. e3 Bd6 6. Bd3 O-O 7. O-O
Nd7 8. Nc3 c6 9. e4 dxe4 10. Nxe4 Bc7 11. Ng3 Nb6 12. c3 Be6 13. Re1 Nd5 14.
Bc2 Nf4 15. Ne4 Qc8 16. Ng3 Bg4 17. Re3 Nd5 18. Re1 Qd7 19. Qd3 g6 20. h3 Nf4
21. Qf1 Bxf3 22. gxf3 Nxh3+ 23. Kh2 Nf4 24. Kg1 Kg7 25. Ne2 Qd6 26. Nxf4 Qxf4
27. Qg2 Rfe8 28. Bb3 Qd2 29. Qf1 Qg5+ 30. Qg2 Qxg2+ 31. Kxg2 f5 32. Kf1 Kf8 33.
Red1 Re7 34. d5 cxd5 35. Bxd5 Bb6 36. Rd2 Rd8 37. b4 a5 38. b5 Bc5 39. a4 b6
40. Rad1 Kg7 41. f4 Kf6 42. Kg2 Red7 43. Rd3 Rd6 44. Bc4 Rxd3 45. Rxd3 Rxd3 46.
Bxd3 g5 47. fxg5+ hxg5 48. Be2 Ke5 49. Bh5 f6 50. Kf3 Ba3 51. Ke3 Bb2 52. Kd3
Kf4 53. Kc2 Ba1 54. Kd3 g4 55. Bg6 Kg5 56. Be8 Bb2 57. Bc6 Ba3 58. Ke2 f4 59.
f3 g3 60. Be4 Bb2 61. c4 Bd4 62. Kf1 Kh6 63. Bf5 Kg7 64. Be4 Kf8 65. Bf5 Ke7
66. Be4 Kd6 67. Kg2 Kc5 68. Bd3 Kb4 69. Bc2 Kc3 70. Bd1 Kd2 71. Bb3 Bc5 72. Kf1
Kc3 73. Bd1 Kxc4 74. Be2+ Kc3 75. Bd1 Kd2 76. Bb3 g2+ 77. Kxg2 Ke2 78. Bc4+ Ke3
79. Bb3 1/2-1/2

[Event "Lansing (MI Am/2/14) [B90"]
[Site "?"]
[Date "1990.??.??"]
[Round "?"]
[White "Grzegorczyk, Ron"]
[Black "Triplett, Thomas"]
[Result "0-1"]
[WhiteElo "1680"]
[BlackElo "1890"]
[PlyCount "56"]
[EventDate "1990.??.??"]

{2/(14)} 1. e4 c5 2. Nf3 d6 3. Nc3 Nc6 4. d3 Nf6 5. Be2 g6 6. b3 Bg7 7. Bb2 O-O
8. O-O a6 9. Nd2 Nd4 10. f4 b5 11. a3 Bb7 12. h3 Bc6 13. Na2 Qb6 14. Kh1 Nxe2
15. Qxe2 Nh5 16. Bxg7 Ng3+ 17. Kh2 Nxe2 18. Bxf8 Rxf8 19. c3 b4 20. Nc4 Qb8 21.
cxb4 cxb4 22. Nxb4 Bb5 23. Nd5 e6 24. Nf6+ Kg7 25. e5 Bxc4 26. bxc4 Qc7 27.
exd6 Qxd6 28. Ne4 Qxd3 0-1

[Event "Detroit (MOR/4/16)"]
[Site "?"]
[Date "1990.??.??"]
[Round "?"]
[White "Grzegorczyk, Ron"]
[Black "Rubel, J."]
[Result "1-0"]
[WhiteElo "1705"]
[BlackElo "1605"]
[PlyCount "85"]
[EventDate "1990.??.??"]

{4/(16)} 1. e4 d6 2. d4 Nf6 3. Nc3 g6 4. Nf3 Bg7 5. h3 O-O 6. Bd3 c5 7. Be3
cxd4 8. Nxd4 Bd7 9. Qd2 Nc6 10. O-O Nxd4 11. Bxd4 Bc6 12. Be3 Re8 13. Rfe1 a6
14. Rad1 Qd7 15. f3 Qc7 16. b3 Nd7 17. Ne2 Nc5 18. Bc4 Rad8 19. Nd4 Bd7 20. Qf2
b5 21. Bd3 Nxd3 22. Rxd3 Rc8 23. c3 e5 24. Nc2 Rb8 25. Nb4 a5 26. Nd5 Qd8 27.
Bb6 Qc8 28. Bxa5 Rb7 29. Bb4 Be6 30. Qd2 Bxd5 31. Rxd5 Rd7 32. Rxb5 Qa6 33. Rd5
Bf8 34. c4 Qb6+ 35. Kh1 Rb8 36. a3 Kg7 37. Rd1 h6 38. Rb5 Qc7 39. Rxb8 Qxb8 40.
f4 exf4 41. Qxf4 Qa7 42. Bc3+ Kg8 43. Qf6 1-0

[Event "Detroit (MOR/2/19)"]
[Site "?"]
[Date "1990.??.??"]
[Round "?"]
[White "Grzegorczyk, Ron"]
[Black "Moceri, Paul"]
[Result "0-1"]
[WhiteElo "1705"]
[BlackElo "1605"]
[PlyCount "54"]
[EventDate "1990.??.??"]

{2/(19)} 1. e4 e5 2. Nf3 Nc6 3. Nc3 Bb4 4. a3 Be7 5. Nd5 d6 6. Be2 Nf6 7. d3
Be6 8. c4 O-O 9. O-O Bg4 10. Be3 Qd7 11. Nd2 Bxe2 12. Nxf6+ Bxf6 13. Qxe2 Be7
14. b4 f5 15. exf5 Qxf5 16. Ne4 Nd4 17. Bxd4 exd4 18. Rae1 Rf7 19. Qb2 Bf6 20.
Re2 Be5 21. g3 Raf8 22. Qd2 h6 23. Rfe1 Qg4 24. Qd1 Rf3 25. Kg2 R8f5 26. h3 Qh5
27. g4 Qxh3+ 0-1

[Event "Detroit (MOR/6/3)"]
[Site "?"]
[Date "1990.??.??"]
[Round "?"]
[White "Grzegorczyk, Ron"]
[Black "Gregory, Kevin"]
[Result "0-1"]
[WhiteElo "1705"]
[BlackElo "1795"]
[PlyCount "102"]
[EventDate "1990.??.??"]

{6/(3)} 1. e4 c6 2. Nc3 d5 3. exd5 cxd5 4. Bb5+ Bd7 5. d4 Bxb5 6. Nxb5 Qa5+ 7.
Nc3 Nf6 8. Nge2 e6 9. O-O Bd6 10. Bf4 Bxf4 11. Nxf4 Nc6 12. Qd3 a6 13. a3 O-O
14. Nce2 Rac8 15. c3 Qc7 16. Nh3 h6 17. Ng3 e5 18. dxe5 Nxe5 19. Qd4 Rfe8 20.
Nf4 Qc4 21. Nf5 Rcd8 22. Rfe1 Qxd4 23. Nxd4 g5 24. Nh3 Nc4 25. f4 g4 26. Nf2
Nxb2 27. Kf1 Nc4 28. Nd3 Nd2+ 29. Kg1 Nde4 30. Ne2 Rc8 31. Rac1 Nc5 32. Nb2 Nb3
33. Rcd1 Re3 34. Na4 Rce8 35. Kf1 b5 36. Nb2 Nc5 37. Rd4 Ne6 38. Rdd1 Nc5 39.
Nc1 Rxc3 40. Rxe8+ Nxe8 41. Ncd3 Nxd3 42. Nxd3 Rxa3 43. Nb4 Nf6 44. Rc1 a5 45.
Nc2 Ra2 46. Ne3 Ne4 47. Nxg4 Kg7 48. Ne3 b4 49. Nxd5 Rf2+ 50. Kg1 Ra2 51. Ne3
b3 0-1

[Event "Lansing (MI Am/4/13)"]
[Site "?"]
[Date "1990.??.??"]
[Round "?"]
[White "Grzegorczyk, Ron"]
[Black "Ball, Ed"]
[Result "0-1"]
[WhiteElo "1680"]
[BlackElo "1915"]
[PlyCount "67"]
[EventDate "1990.??.??"]

{4/(13)} 1. e4 e6 2. d4 d5 3. e5 c5 4. c3 Nc6 5. Nf3 Nge7 6. Be2 cxd4 7. cxd4
Qb6 8. Na3 Nf5 9. Nc2 Bb4+ 10. Bd2 Bxd2+ 11. Qxd2 Qxb2 12. O-O Qb6 13. g4 Nfe7
14. Rab1 Qd8 15. Bd3 Ng6 16. Qg5 Qxg5 17. Nxg5 O-O 18. f4 Re8 19. f5 Nf8 20.
fxe6 fxe6 21. Rf3 b6 22. Rbf1 Bd7 23. Rh3 h6 24. Nf7 Re7 25. Rhf3 Nh7 26. h4
Rc8 27. g5 hxg5 28. hxg5 Nf8 29. g6 Be8 30. Nd6 Bxg6 31. Nxc8 Rf7 32. Rxf7 Bxf7
33. Bb5 Na5 34. Ne7+ 0-1

[Event "Detroit (MOR/6/32)"]
[Site "?"]
[Date "1990.??.??"]
[Round "?"]
[White "Group, J."]
[Black "Waller, A."]
[Result "1-0"]
[WhiteElo "1615"]
[BlackElo "1605"]
[PlyCount "59"]
[EventDate "1990.??.??"]

{6/(32)} 1. e4 c6 2. d4 d5 3. exd5 cxd5 4. Bd3 Nc6 5. c3 Nf6 6. Bf4 Bg4 7. Ne2
e6 8. O-O Bd6 9. Bxd6 Bxe2 10. Qxe2 Qxd6 11. Nd2 O-O 12. h3 Rac8 13. Nf3 Rc7
14. Ne5 Nd7 15. f4 f5 16. Nf3 Nf6 17. Ng5 Nd8 18. Rae1 Re7 19. Bxf5 Rfe8 20.
Bc2 h6 21. Nf3 Nh5 22. Qd3 Nf6 23. Ne5 Rc7 24. Qg6 Kf8 25. f5 Ree7 26. fxe6
Nxe6 27. Qh7 Ke8 28. Qh8+ Nf8 29. Bg6+ Kd8 30. Qxf8+ 1-0

[Event "Detroit (MOR/3/4)"]
[Site "?"]
[Date "1990.??.??"]
[Round "?"]
[White "Group, J."]
[Black "Robbins, Fred"]
[Result "0-1"]
[WhiteElo "1615"]
[BlackElo "1780"]
[PlyCount "54"]
[EventDate "1990.??.??"]

{3/(4)} 1. e4 Nf6 2. e5 Nd5 3. c4 Nb6 4. d4 d6 5. f4 dxe5 6. fxe5 Nc6 7. Be3
Bf5 8. a3 e6 9. Nf3 Be7 10. Bd3 Bg4 11. O-O O-O 12. Nbd2 f5 13. Qe1 Nd7 14. Qg3
h5 15. h3 h4 16. Qh2 Bh5 17. d5 Nc5 18. Bxf5 exd5 19. Nd4 Nxd4 20. Bxd4 dxc4
21. Bc3 Be2 22. Rf2 Bd3 23. Bxd3 Nxd3 24. Rxf8+ Qxf8 25. Ne4 Bc5+ 26. Nxc5
Qxc5+ 27. Kh1 Nf2+ 0-1

[Event "Detroit (MOR/2/7)"]
[Site "?"]
[Date "1990.??.??"]
[Round "?"]
[White "Group, J."]
[Black "Rincon, Helio"]
[Result "1-0"]
[WhiteElo "1615"]
[BlackElo "1765"]
[PlyCount "61"]
[EventDate "1990.??.??"]

{2/(7)} 1. e4 e5 2. f4 exf4 3. Nf3 d6 4. Bc4 Be6 5. Bxe6 fxe6 6. d4 Nd7 7. Bxf4
Qf6 8. Qd2 Be7 9. Nc3 Qg6 10. O-O-O a6 11. h4 h5 12. Ng5 Nh6 13. Rhf1 O-O-O 14.
Be3 Bxg5 15. Bxg5 Rdf8 16. Rf4 Nf7 17. Rf3 Nxg5 18. hxg5 Rxf3 19. gxf3 Qf7 20.
f4 Rf8 21. Rf1 g6 22. Ne2 e5 23. d5 Qh7 24. Qe3 Kb8 25. Qh3 Nc5 26. fxe5 Rxf1+
27. Qxf1 Nxe4 28. Qf8+ Ka7 29. e6 Nc5 30. e7 Nd7 31. Qf2+ 1-0